000 00287nam a2200109Ia 4500
008 200302s9999 xx 000 0 und d
100 _aJeon, Mi-Sook
245 _aExhibition / Education / Government Facilities Vol 4
260 _bArchiworld Co., Ltd.
260 _c2003
300 _a251 P.,
999 _c5592
_d5592